|
|
|
|
| LEADER |
00000naa2a2200000 4500 |
| 001 |
84601 |
| 005 |
20231225141612.0 |
| 035 |
|
|
|a (RuTPU)RU\TPU\book\90927
|
| 090 |
|
|
|a 84601
|
| 100 |
|
|
|a 20051102d2002 k y0rusy50 ca
|
| 101 |
0 |
|
|a rus
|
| 102 |
|
|
|a RU
|
| 200 |
1 |
|
|a Накопление сульфида свинца при фотолизе водного раствора комплексного тиосульфата свинца
|f Н. Б. Егоров, Л. П. Ерёмин, В. Ф. Усов
|
| 320 |
|
|
|a Библиогр.: 7 назв.
|
| 461 |
|
1 |
|0 (RuTPU)RU\TPU\book\48472
|t Химия и химическая технология на рубеже тысячелетий
|o Материалы II Всероссийской научной конференции, Томск, 26-28 ноября 2002 г.
|f Российское химическое общество им. Д. И. Менделеева; Российская академия естественных наук; Томский научный центр СО РАН; Администрация Томской области; Томский политехнический университет
|d 2002-
|
| 463 |
|
0 |
|0 (RuTPU)RU\TPU\book\48113
|t Т. 2
|v С. 72-74
|d 2002
|p 366 с.
|
| 610 |
1 |
|
|a свинец
|
| 610 |
1 |
|
|a сульфид свинца
|
| 610 |
1 |
|
|a фотолиз
|
| 610 |
1 |
|
|a тиосульфат свинца
|
| 610 |
1 |
|
|a водные растворы
|
| 610 |
1 |
|
|a труды учёных ТПУ
|
| 700 |
|
1 |
|a Егоров
|b Н. Б.
|c химик-технолог
|c доцент Томского политехнического университета, кандидат химических наук
|f 1974-
|g Николай Борисович
|3 (RuTPU)RU\TPU\pers\27912
|9 12915
|
| 701 |
|
1 |
|a Ерёмин
|b Л. П.
|c химик
|c профессор Юргинского технологического института (филиала) Томского политехнического университета, доктор химических наук
|f 1936-
|g Леонид Петрович
|9 10713
|
| 701 |
|
1 |
|a Усов
|b В. Ф.
|
| 801 |
|
1 |
|a RU
|b 63413507
|c 20051102
|g PSBO
|
| 801 |
|
2 |
|a RU
|b 63413507
|c 20171215
|g RCR
|
| 942 |
|
|
|c BK
|